Statistiques concernant Les smartphones les plus vendus en 2023

Cliquez ici pour prendre le quiz!

Statistiques générales

  • Ce quiz a été pris 115 fois
  • Le résultat moyen est 4 sur 10

Statistiques - réponses

Unités venduesSmartphone% Correct
29 millionsiPhone 14
98%
23 millionsiPhone 13
94%
17 millionsiPhone 15
91%
29 millionsiPhone 14 Pro
42%
34 millionsiPhone 14 Pro Max
37%
21 millionsiPhone 15 Pro
37%
33 millionsiPhone 15 Pro Max
32%
21 millionsSamsung Galaxy A14 4G
2%
19 millionsSamsung Galaxy A14 5G
2%
20 millionsSamsung Galaxy A54
2%

Distribution des résultats

Percentile par nombre de réponses

% des personnes avec chaque résultat

Votre développement - résultats

Vous n’avez pas pris ce quiz